00872nam a2200217 a 450000100100000000500170001000800410002704000250006808200240009310000260011724500950014326000420023830000210028059000260030165000650032765100610039270000250045391000370047895201220051599900170063700002570620200930024004.0110221s1981 dr 000 0 spa d aDO-SdBNPbspacBNPHU a320.97293054bC367e1 aCatrain, Pedro91655910aEstado y crisis política :bRepública Dominicana 1980 /cPedro Catrain, José Oviedo. aSanto Domingo :bAlfa y Omega,c1981. a724 p. ;c18 cm. aInventariado, 2018/LP 4aPartidos políticoszRepública DominicanaxHistoria97703 4aRepública DominicanaxPolítica Y Gobiernoy1995247112aOviedo, José92671 aValidado. Control de calidad MFF 0010718PDaPDbPDcHDd2011-02-21iLF1l0o320.97293054 C367ep25706-10r2020-06-25w2020-06-25yLFPDZNo se presta c25198d25198